Národná filatelistická výstava s medzinárodnou účasťou Slovensko 2009 [katalóg]

Bibliographic Details
Main Authors: Vančo, Martin, 1970- (Author), Paulinyová, Antónia (Author)
Other Authors: Ňaršík, Miroslav, 1948- (Compiler)
Format: Book
Language:Slovak
English
PhysicalDescription:52 s. ilustr. 15 x 21 cm
Published: [Bratislava] Zväz slovenských filatelistov 2009
ISBN:9788085288063
Edition:[1. vyd.]
Subjects:

MARC

LEADER 00000nam a22000005a 4500
001 vtls010025821
003 SK-MaSNL
005 20260425235534.0
008 240318s2009 xo ac f c 000 0 slo
015 |a SNBE2010/01-00450 
020 |a 9788085288063  |q (brož.) 
040 |a SNK  |b slo  |c SNK  |e AACR2 
041 0 |a slo  |a eng 
043 |a e-xo--- 
044 |a xo  |c SK 
072 7 |a 656.8  |x Poštové služby a správa  |2 konspekt 
080 |a 656.835.91  |2 2001 
080 |a (437.6)  |2 2001 
080 |a (083.824)  |2 2001 
100 1 |a Vančo, Martin,  |d 1970-  |4 aut  |9 220021 
245 1 0 |a Národná filatelistická výstava s medzinárodnou účasťou Slovensko 2009  |b [katalóg]  |c [autori Martin Vančo, Antonína Paulinyová ; zostavil Miroslav Ňaršík] 
246 1 1 |a National philatelic exhibition with international participation Slovensko 2009 
246 3 4 |a Slovensko 2009 
250 |a [1. vyd.] 
260 |a [Bratislava]  |b Zväz slovenských filatelistov  |c 2009 
300 |a 52 s.  |b ilustr.  |c 15 x 21 cm 
500 |a Pri príležitosti 40. výr. založ. Zväzu slov. filatelistov 
546 |a Súbež. text angl. 
610 2 7 |a Zväz slovenských filatelistov  |2 SNKKA  |9 34856 
650 0 7 |a poštové známky  |2 SNKPH  |9 51141 
650 0 7 |a filatelia  |2 SNKPH  |9 13203 
651 7 |a Slovensko  |2 SNKPH  |9 14231 
655 7 |a katalógy výstav  |2 SNKPH  |9 70445 
700 1 |a Paulinyová, Antónia  |4 aut  |9 277235 
700 1 |a Ňaršík, Miroslav,  |d 1948-  |4 com  |9 62670 
919 |a 978-80-85288-06-3 
999 |c 832525  |d 834455 
952 |a SNK  |b SNK  |y PREZ  |7 0  |p 17A0637320  |o snkOSE 4518  |i snk2009/21338  |8 0  |0 0  |1 0  |4 0  |d 2009-11-27  |l 0  |r 2026-02-24 03:43:12  |w 2026-02-24 
952 |a SNK  |b SNK  |y VYP  |7 0  |p 17A0637321  |o snkOSE 4518 D1  |i snk2009/21339  |8 0  |0 0  |1 0  |4 0  |d 2009-11-27  |l 0  |r 2026-02-24 03:43:12  |w 2026-02-24